000 00952nam0a22002531 4500
001 rc\4187356
005 20250611011138.0
035 _a(NLR Aleph) 008003225
090 _a8653102
_c8653102
100 _a20130415d1947 |||y0rusy50 ca
101 0 _arus
102 _aRU
105 _ay z |||||
200 1 _aК теории турбокомпрессорных ВРД
_fП.В. Черенков
210 _a[Москва]
_cБюро новой техники
_d1947
215 _a22, [1] с.
_cграф.
_d29
225 1 _aМинистерство авиационной промышленности Союза СССР. Научно-исследовательский институт № 1. Труды НИИ-1
_v№ 32
300 _aБез тит. л. Описано по обл.
700 1 _aЧеренков
_bП.В.
801 0 _aRU
_bNLR
_gpsbo
801 1 _aRU
_bELAR
_2rusmarc
852 _aNLR
_jФз02 Г-8/54-32
942 _cBOOK
980 _aNB